Evolución de las ciencias en la República Argentina. (Record no. 16725)

MARC details
000 -LEADER
fixed length control field 00906cam a22002651 4500
001 - CONTROL NUMBER
control field ca 30001430
003 - CONTROL NUMBER IDENTIFIER
control field DLC
005 - DATE AND TIME OF LATEST TRANSACTION
control field 20260227111124.0
008 - FIXED-LENGTH DATA ELEMENTS--GENERAL INFORMATION
fixed length control field 920622s1923 ag b 000 0 spa
010 ## - LIBRARY OF CONGRESS CONTROL NUMBER
LC control number ca 30001430
035 ## - SYSTEM CONTROL NUMBER
System control number (OCoLC)26057099
040 ## - CATALOGING SOURCE
Original cataloging agency DLC
Transcribing agency InU
Modifying agency InU
-- DLC
042 ## - AUTHENTICATION CODE
Authentication code premarc
050 00 - LIBRARY OF CONGRESS CALL NUMBER
Classification number QD18.A7
Item number H4
082 ## - DEWEY DECIMAL CLASSIFICATION NUMBER
Classification number 540.982
100 2# - MAIN ENTRY--PERSONAL NAME
Personal name Herrero Ducloux, Enrique,
Dates associated with a name 1877-
245 10 - TITLE STATEMENT
Title Evolución de las ciencias en la República Argentina.
Number of part/section of a work III.
Name of part/section of a work Las ciencias químicas,
Statement of responsibility, etc. por el dr Enrique Herrero Ducloux.
260 ## - PUBLICATION, DISTRIBUTION, ETC.
Place of publication, distribution, etc. Buenos Aires,
Name of publisher, distributor, etc. "Coni",
Date of publication, distribution, etc. 1923.
300 ## - PHYSICAL DESCRIPTION
Extent 75 p., 1 l.
Dimensions 26 cm.
500 ## - GENERAL NOTE
General note At head of title: Cinquentenario de la Sociedad científica argentina (1872-1922)
504 ## - BIBLIOGRAPHY, ETC. NOTE
Bibliography, etc. note "Bibliografía selecta": p. [48]-75.
650 #0 - SUBJECT ADDED ENTRY--TOPICAL TERM
Topical term or geographic name entry element Chemistry
General subdivision History
Geographic subdivision Argentina.
650 #0 - SUBJECT ADDED ENTRY--TOPICAL TERM
Topical term or geographic name entry element Chemistry
Form subdivision Bibliography.
710 2# - ADDED ENTRY--CORPORATE NAME
Corporate name or jurisdiction name as entry element Sociedad Científica Argentina.

No items available.

Powered by Koha